Govt. of
Madhya Pradesh

नए भारत की नींव राष्‍ट्रीय शिक्षा नीति-2020 (Record no. 68919)

MARC details
000 -LEADER
fixed length control field 00447nam a22001097a 4500
082 ## - DEWEY DECIMAL CLASSIFICATION NUMBER
Classification number 370
100 ## - MAIN ENTRY--AUTHOR NAME
Personal name सिंह, इंजी.अवनीश कुमार
245 ## - TITLE STATEMENT
Title नए भारत की नींव राष्‍ट्रीय शिक्षा नीति-2020
260 ## - PUBLICATION, DISTRIBUTION, ETC. (IMPRINT)
Place of publication दिल्‍ली
Name of publisher दिल्‍ली प्रभात प्रकाशन
Year of publication 2025
650 ## - SUBJECT ADDED ENTRY--TOPICAL TERM
Topical Term शिक्षा
942 ## - ADDED ENTRY ELEMENTS (KOHA)
Koha item type Books
Holdings
Withdrawn status Lost status Damaged status Not for loan Home library Current library Date acquired Cost, normal purchase price Full call number Accession Number Price effective from Koha item type
        MACL MACL 02/04/2026 500.00 370 CRH039041 02/04/2026 Books